000 00809nam a2200217Ia 4500
999 _c5580
_d5580
003 OSt
005 20200401110152.0
008 191128q200? ck fr 000 0dspa d
020 _a9789747205
040 _aCO-JMCR
_cCO-JMCR
041 0 _aspa
082 0 4 _a070.986 /
_bA662d
100 1 _aArango Londoño, Gilberto,
_eautor
_91441
245 1 0 _aDesde mi ángulo :
_b1978-1983 /
_cGilberto Arango Londoño
260 _aBogotá :
_bColegio de Estudios Superiores de Administración - Cesa : Múnera editores,
_c[200?]
300 _axvi, 576 páginas ;
_c24 cm.
500 _aIncluye datos biográficos del autor en la solapa posterior.
650 1 4 _aEconomía colombiana
_xartículos de prensa
_zColombia
_91442
650 2 4 _aEconomía colombiana
_xCrónicas Reportajes
_zColombia
_91443
942 _2ddc
_cBK